000 00539nam a22002057a 4500
003 OSt
005 20140310183030.0
008 130218t xxu||||| |||| 00| 0 eng d
020 _a9711101327
050 _aPL 6164
_b.C957 1984
082 _aF 899.211
_b.C88 1984
245 _aAng Ating panitikan /
_cCruz , Isagani R.
260 _aManila
_bGoodwill Trading Co. Inc.,
_cc1984
300 _ax, 411 p.
_c26 cm.
521 _acollege students
526 _c1210L-1700L
541 _j1
562 _e1
942 _2lcc
_cBK
_kFIL
999 _c18431
_d18431